City of Seattle : (Record no. 15141)
[ view plain ]
| 000 -LEADER | |
|---|---|
| fixed length control field | 00573cam a2200169 a 4500 |
| 040 ## - CATALOGING SOURCE | |
| Transcribing agency | WaS |
| 082 ## - DEWEY DECIMAL CLASSIFICATION NUMBER | |
| Classification number | 919 THE 1980 A105 Or. |
| 245 00 - TITLE STATEMENT | |
| Title | City of Seattle : |
| Remainder of title | Human Rights Department minority business enterprise listing (MBE) May 1980. |
| 246 30 - VARYING FORM OF TITLE | |
| Title proper/short title | Human Rights Department minority business enterprise listing |
| 246 30 - VARYING FORM OF TITLE | |
| Title proper/short title | Minority business enterprise listing |
| 260 ## - PUBLICATION, DISTRIBUTION, ETC. (IMPRINT) | |
| Place of publication | Seattle, Wash. : |
| Name of publisher | The Dept., |
| Year of publication | [1980] |
| 300 ## - PHYSICAL DESCRIPTION | |
| Number of Pages | 134 leaves ; |
| Dimensions | 28 cm. |
| 500 ## - GENERAL NOTE | |
| General note | Cover title. |
| 650 #0 - SUBJECT ADDED ENTRY--TOPICAL TERM | |
| Topical Term | Minority business enterprises |
| 710 1# - ADDED ENTRY--CORPORATE NAME | |
| Corporate name or jurisdiction name as entry element | Seattle (Wash.). |
| 942 ## - ADDED ENTRY ELEMENTS (KOHA) | |
| Koha item type | សៀវភៅភាសាអង់គ្លេស |
No items available.